Loading...
| Fine Arts - Auditory | 0 | 4 | 0 | 0 | 40 | 94 | 116.50 | 0 | 1 | 5.95 | 19.32 |
| Literature - European | 0 | 4 | 0 | 0 | 40 | 91 | 122.00 | 0 | 3 | 5.05 | 20.45 |
| Philosophy | 0 | 4 | 0 | 2 | 40 | 127 | 132.75 | 0 | 0 | 0.85 | 10.23 |
| Science - Biology | 0 | 4 | 1 | 2 | 35 | 99 | 108.00 | 0 | 0 | 2.99 | 14.77 |
| Literature - American | 1 | 2 | 1 | 0 | 30 | 87 | 119.00 | 0 | 1 | 4.98 | 12.50 |
| Literature - British | 0 | 3 | 1 | 1 | 25 | 85 | 108.33 | 1 | 1 | 6.70 | 15.91 |
| Science - Physics | 0 | 2 | 0 | 1 | 20 | 118 | 119.50 | 0 | 0 | 1.10 | 4.55 |
| Literature - World | 0 | 2 | 1 | 1 | 15 | 107 | 122.00 | 0 | 0 | 1.92 | 9.09 |
| Science - Chemistry | 0 | 2 | 2 | 0 | 10 | 75 | 82.50 | 0 | 0 | 5.62 | 10.23 |
| Mythology | 0 | 1 | 0 | 1 | 10 | 131 | 131.00 | 0 | 0 | 0.08 | 1.25 |
| History - Other | 0 | 1 | 0 | 1 | 10 | 119 | 119.00 | 0 | 0 | 0.56 | 3.75 |
| Social Science | 0 | 1 | 0 | 0 | 10 | 83 | 83.00 | 0 | 0 | 3.57 | 6.25 |
| Religion | 0 | 1 | 1 | 0 | 5 | 129 | 129.00 | 0 | 0 | 1.28 | 2.50 |
| Pop Culture | 0 | 0 | 0 | 0 | 0 | 0.00 | 0 | 0 | 0.00 | 0.00 | |
| Science - Other | 0 | 0 | 1 | 0 | -5 | 0.00 | 0 | 0 | 0.00 | 0.00 |